Famous Jewish People from Ukraine - Statistics

General Stats
  • This quiz has been taken 25 times
  • The average score is 3 of 10
Answer Stats
Hint Answer % Correct
Comedian-turned-politician, elected as the 6th president of Ukraine in 2019 Volodymyr Zelenskyy
100%
Bolshevik revolutionary and founder of the Red Army, assassinated in Mexico in 1940 on Stalin's orders Leon Trotsky
73%
4th Prime Minister of Israel and the first female head of government in the Middle East Golda Meir
68%
Former heavyweight boxing world champion who became the mayor of Kyiv in 2014 Vitali Klitschko
41%
Russian revolutionary and double agent who assassinated Prime Minister Pyotr Stolypin at the Kyiv Opera House in 1911 Dmitrii Bogrov
9%
Writer and journalist born in Brody best known for his depiction of Jewish gangsters in "Odessa stories" Isaak Babel
9%
Rabbi and great-grandson of the above, founder of the Breslov Hasidic Movement Nachman of Breslov
9%
Mystic and healer, regarded as the founder of Hasidic Judaism Baal Shem Tov
5%
Jewish man wrongfully accused and framed for the ritual murder of a four-year-old Ukrainian boy in 1911, leading to an anti-Semitic wave in the Russian Empire Menahem Mendel Beilis
5%
Writer and journalist born in Brody best known for his his Austro-Hungarian epic "Radetzky March" Joseph Roth
0%
No matching quizzes found
Score Distribution
Percent of People with Each Score
Percentile by Number Answered
Your Score History
You have not taken this quiz